000 00639nam a2200217 a 4500
005 20250225063852.0
008 040423s2002 mx r 000 0 spa d
020 _a9870002501
035 _aUPN01000133093
049 _aCG
050 4 _aBD236
_bM6.5
100 1 _aMontevechio, Blanca
245 1 0 _aMás allá de Narciso :
_bla problemática de las identidades /
_cBlanca Montevechio.
260 _aBuenos Aires :
_bLumen,
_cc2002.
300 _a228 p.
440 0 _aTercer milenio
650 7 _aIdentidad (Concepto filosófico)
_2
_9588
650 4 _aIdentidad (Psicología)
_96603
650 2 _aNarcisismo
_916442
905 _aLibro
999 _c105246
_d105246